000 00370 a2200145 4500
082 _a891.4391
090 _c6158
_d6158
100 _aNasr,Seyyed Hossein.
245 _aWestern Science Asian Culture.
_cSeyyed Hossein Nasr.
250 _a2nd.
260 _aLahore.
_bIqbal Academy.
_c1986.
300 _a42p.
500 _aPaper cover.
942 _aNBS
_cBK
_k303.483 NAS
999 _c348535
_d348535